Реализация проекта ОАО "Системный оператор единой энергетической системы", "Школа - Вуз - Предприятие" в Томском политехническом университете; Уровневая подготовка специалистов: электронное обучение и открытые образовательные ресурсы
| Parent link: | Уровневая подготовка специалистов: электронное обучение и открытые образовательные ресурсы.— 2014.— [С. 403-405] |
|---|---|
| 1. Verfasser: | |
| Körperschaften: | , |
| Weitere Verfasser: | |
| Zusammenfassung: | Заглавие с титульного листа. The article gives the description of the experience of implementation of the educational integration project "School - University - Enterprise" of joint-stock company "System Operator of the United Power System" in Tomsk Polytechnic University. The problems and their solutions. Conclusions about the effectiveness of the project. |
| Sprache: | Russisch |
| Veröffentlicht: |
2014
|
| Schriftenreihe: | Разработка и реализация основных образовательных программ (ООП). Партнерство и сетевое взаимодействие университетов и предприятий |
| Schlagworte: | |
| Online-Zugang: | http://earchive.tpu.ru/handle/11683/25696 http://www.lib.tpu.ru/fulltext/c/2014/C09/164.pdf |
| Format: | MixedMaterials Elektronisch Buchkapitel |
| KOHA link: | https://koha.lib.tpu.ru/cgi-bin/koha/opac-detail.pl?biblionumber=610272 |
MARC
| LEADER | 00000naa2a2200000 4500 | ||
|---|---|---|---|
| 001 | 610272 | ||
| 005 | 20260402125817.0 | ||
| 035 | |a (RuTPU)RU\TPU\conf\7868 | ||
| 035 | |a RU\TPU\conf\7867 | ||
| 090 | |a 610272 | ||
| 100 | |a 20150115d2014 k y0rusy50 ca | ||
| 101 | 0 | |a rus | |
| 102 | |a RU | ||
| 135 | |a drgn ---uucaa | ||
| 181 | 0 | |a i | |
| 182 | 0 | |a b | |
| 200 | 1 | |a Реализация проекта ОАО "Системный оператор единой энергетической системы", "Школа - Вуз - Предприятие" в Томском политехническом университете |d Implementation of the project of joint-stock company "System operator of the united power system" called "School - University - Enterprise" in Tomsk polytechnic university |f Е. Я. Бельская, В. В. Шестакова | |
| 203 | |a Текст |c электронный | ||
| 225 | 1 | |a Разработка и реализация основных образовательных программ (ООП). Партнерство и сетевое взаимодействие университетов и предприятий | |
| 300 | |a Заглавие с титульного листа. | ||
| 330 | |a The article gives the description of the experience of implementation of the educational integration project "School - University - Enterprise" of joint-stock company "System Operator of the United Power System" in Tomsk Polytechnic University. The problems and their solutions. Conclusions about the effectiveness of the project. | ||
| 337 | |a Adobe Reader | ||
| 463 | 1 | |0 (RuTPU)RU\TPU\conf\7637 |t Уровневая подготовка специалистов: электронное обучение и открытые образовательные ресурсы |o сборник трудов I Всероссийской научно-методической конференции, 20-21 марта 2014 г., Томск |f Национальный исследовательский Томский политехнический университет (ТПУ) ; ред. кол. А. И. Чучалин [и др.] |v [С. 403-405] |d 2014 | |
| 510 | 1 | |a Implementation of the project of joint-stock company "System operator of the united power system" called "School - University - Enterprise" in Tomsk polytechnic university |z eng | |
| 601 | 0 | 2 | |a Национальный исследовательский Томский политехнический университет (ТПУ) |c (2009- ) |2 stltpush |3 (RuTPU)RU\TPU\col\15902 |
| 610 | 1 | |a электронный ресурс | |
| 610 | 1 | |a труды учёных ТПУ | |
| 610 | 1 | |a проекты | |
| 610 | 1 | |a системные операторы | |
| 610 | 1 | |a энергетические системы | |
| 610 | 1 | |a образовательные проекты | |
| 610 | 1 | |a подготовка | |
| 610 | 1 | |a школьники | |
| 610 | 1 | |a студенты | |
| 610 | 1 | |a энергетика | |
| 700 | 1 | |a Бельская |b Е. Я. |c ведущий эксперт Томского политехнического университета, кандидат педагогических наук |f 1969- |g Елена Якубовна |3 (RuTPU)RU\TPU\pers\30380 |9 14724 | |
| 701 | 1 | |a Шестакова |b В. В. |c специалист в области электротехники |c доцент Томского политехнического университета, кандидат технических наук |f 1968- |g Вера Васильевна |3 (RuTPU)RU\TPU\pers\26814 |9 12439 | |
| 712 | 0 | 2 | |a Национальный исследовательский Томский политехнический университет (ТПУ) |b Энергетический институт (ЭНИН) |b Кафедра электрических сетей и электротехники (ЭСиЭ) |3 (RuTPU)RU\TPU\col\18677 |
| 712 | 0 | 2 | |a Национальный исследовательский Томский политехнический университет (ТПУ) |b Энергетический институт (ЭНИН) |b Кафедра электроэнергетических систем (ЭЭС) |3 (RuTPU)RU\TPU\col\18675 |
| 801 | 2 | |a RU |b 63413507 |c 20210408 |g RCR | |
| 856 | 4 | |u http://earchive.tpu.ru/handle/11683/25696 | |
| 856 | 4 | |u http://www.lib.tpu.ru/fulltext/c/2014/C09/164.pdf | |
| 942 | |c BK | ||